| 000 | 01433nam a2200325 i 4500 | ||
|---|---|---|---|
| 003 | EG-GICUC | ||
| 005 | 20260121101334.0 | ||
| 008 | 251123s1993 ua ||||fr|||| 001 0 ara d | ||
| 017 | _a1993/4027 | ||
| 020 | _a9775237114 | ||
| 040 |
_a EG-GICUC _bara _c EG-GICUC _d EG-GICUC _erda |
||
| 041 | _aara | ||
| 082 | 0 | 4 |
_a343.4 _bأ ح . ج _221 |
| 092 | 0 | 4 | _221 |
| 099 | _aLaw1 10 343.4 أ ح . ج 1993 1006875 | ||
| 100 | 0 |
_aأحمد عبد الظاهر الطيب. _eمعد. |
|
| 245 | 1 | 2 |
_aالجديد في التشريعات الجنائية الخاصة : _bدراسة لأهم هذه التشريعات معلقا عليها بتعليمات النيابة العامة وآراء الفقه وأحكام النقض والقيود والأوصاف / _cالمستشار أحمد عبد الظاهر الطيب. |
| 264 | 1 |
_aالقاهرة : _bدار الكتب القانونية، _c1993. |
|
| 300 |
_a1071 صفحة ؛ _c24 سم. _bإيضاحيات، صور، مثيليات ؛ |
||
| 336 |
_2rda content _atext |
||
| 337 |
_2rda media _aComputer |
||
| 338 |
_2rda carrier _aOnline Resource |
||
| 504 | _aيشتمل على ارجاعات ببليوجرافية. | ||
| 546 | _aالنص باللغة العربية | ||
| 650 | 1 |
_aالتشريعات الجنائية الخاصة. _2qrmak |
|
| 651 | 1 | _2qrmak | |
| 856 | 4 | 0 | _uhttps://fll.law.cu.edu.eg/fulltext/bks/B10-06875.pdf |
| 905 | _a18 | ||
| 942 |
_2ddc _n0 _cBK _e21 |
||
| 999 |
_c45453 _d45453 |
||